| 000 | 01468nam0a2200289 4500 | ||
|---|---|---|---|
| 001 | RU\NLR\bibl\801649 | ||
| 005 | 20250614125746.0 | ||
| 010 | _a5-902693-01-2 | ||
| 021 |
_aRU _b2006-33384 _91670 |
||
| 035 | _a(NLR Aleph) 000790817 | ||
| 090 |
_a1120544 _c1120544 |
||
| 100 | _a20050519d2004 |||y0rusy50 ca | ||
| 101 | 1 | _arus | |
| 102 | _aRU | ||
| 105 | _aa ||||||||| | ||
| 200 | 1 |
_aАнтимикробные препараты в стоматологической практике _e[сборник статей] _fред.: Майкл Ньюман, DDS, проф. пародонтологии Стматол. фак. Ун-та штата Калифорния в Лос-Анджелесе, Лос-Анджелес, Калифорния, Арье ван Винкельхофф, PhD, проф. микробиологии Стоматол. акад. центр, Амстердам, Нидерланды _gпер. Марии Лариной |
|
| 210 |
_aМосква _cАзбука _cА. Островский _d2004 |
||
| 215 |
_aXV,328 с. _cцв. ил. _d25 |
||
| 320 | _aБиблиогр. в конце ст. | ||
| 606 | 1 |
_aАнтимикробные средства _jСборники _xПрименение в стоматологии _92377812 _3RU\NLR\auth\661418858 |
|
| 686 | _aР66-52я43 | ||
| 702 | 1 |
_aНьюман _bМ. _gМайкл _4340 |
|
| 801 | 0 |
_aRU _bNLR _c20050519 _grcr |
|
| 801 | 1 |
_aRU _bNLR _c20050519 |
|
| 942 | _cBOOK | ||
| 980 | _aNB | ||